000 00357nam a2200133Ia 4500
008 151001s9999||||xx |||||||||||||| ||und||
100 _aस्वेट मॉर्डेन
245 _aभाग्य स्वयं बनाए
250 _a1
260 _bअविष्कार
260 _c2007
300 _a134
365 _b21
999 _c989643
_d989640